书目信息 |
| 题名: |
汉语变调构词研究
|
|
| 作者: | 孙玉文 | |
| 分册: | ||
| 出版信息: | 北京 北京大学出版社 |
|
| 页数: | 364页 | |
| 开本: | 20cm | |
| 丛书名: | ||
| 单 册: | ||
| 中图分类: | H116.2 | |
| 科图分类: | ||
| 主题词: | 汉语--语音 , 汉语--音韵学 | |
| 电子资源: | ||
| ISBN: | 7-301-04459-3 | |
| 000 | 00533nam0 2200193 450 | |
| 001 | 0728815141 | |
| 005 | 20070819080015.14 | |
| 010 | @a7-301-04459-3@d¥17.50 | |
| 100 | @a20070819d km y0chiy0120 ea | |
| 101 | 0 | @achi |
| 200 | 1 | @a汉语变调构词研究@Ahan yu bian tiao gou ci yan jiu@f孙玉文@Fsun yu wen |
| 210 | @a北京@c北京大学出版社 | |
| 215 | @a364页@d20cm | |
| 606 | 0 | @a汉语@x语音 |
| 606 | 0 | @a汉语@x音韵学 |
| 690 | @aH116.2@v3 | |
| 701 | 0 | @a孙玉文@Asun yu wen |
| 801 | 0 | @aCN@bPFT@c20070819 |
| 905 | @a213230@dH116.2@eZW20@f1 | |
| 汉语变调构词研究/孙玉文.-北京:北京大学出版社 |
| 364页;20cm |
| ISBN 7-301-04459-3:¥17.50 |
| ● |
| 相关链接 |
|
|
|
|
正题名:汉语变调构词研究
索取号:H116.2/ZW20
 
预约/预借
| 序号 | 登录号 | 条形码 | 馆藏地/架位号 | 状态 | 备注 |
| 1 | 7615174 | 276151744 | 密集书库-文学院/ [索取号:H116.2/ZW20] | 在馆 |